ধান প্রশিক্ষণ ম্যানুয়েল / (Record no. 6901)
[ view plain ]
| 000 -LEADER | |
|---|---|
| fixed length control field | 00806nam a22001937a 4500 |
| 001 - CONTROL NUMBER | |
| control field | BD-DhSAU 6901 |
| 003 - CONTROL NUMBER IDENTIFIER | |
| control field | BD-DhSAU |
| 005 - DATE AND TIME OF LATEST TRANSACTION | |
| control field | 20150514121314.0 |
| 008 - FIXED-LENGTH DATA ELEMENTS--GENERAL INFORMATION | |
| fixed length control field | 150514b1982 bg ||||| |||| 00| 0 ben d |
| 040 ## - CATALOGING SOURCE | |
| Original cataloging agency | BD-DhSAU |
| 082 ## - DEWEY DECIMAL CLASSIFICATION NUMBER | |
| Edition number | 22 |
| Classification number | ৬৩৩.১৮০২০২ |
| Item number | ধানপ্রা |
| 245 ## - TITLE STATEMENT | |
| Title | ধান প্রশিক্ষণ ম্যানুয়েল / |
| 260 ## - PUBLICATION, DISTRIBUTION, ETC. (IMPRINT) | |
| Place of publication, distribution, etc. | ঢাকা : |
| Name of publisher, distributor, etc. | কৃষি সম্প্রসারন ও ব্যবস্থাপনা পরিদফতর , |
| Date of publication, distribution, etc. | ১৯৮২. |
| 300 ## - PHYSICAL DESCRIPTION | |
| Extent | vi, ১১৬ পৃ। : |
| Other physical details | চিত্র ; |
| Dimensions | ১৮ সে মি। |
| 590 ## - Name of Cataloguer | |
| Name of Cataloger | Jerin |
| 650 ## - SUBJECT ADDED ENTRY--TOPICAL TERM | |
| Topical term or geographic name as entry element | Agronomy |
| 650 ## - SUBJECT ADDED ENTRY--TOPICAL TERM | |
| Topical term or geographic name as entry element | ধান |
| 710 ## - ADDED ENTRY--CORPORATE NAME | |
| Corporate name or jurisdiction name as entry element | কৃষি সম্প্রসারন ও ব্যবস্থাপনা পরিদফতর |
| 942 ## - ADDED ENTRY ELEMENTS (KOHA) | |
| Source of classification or shelving scheme | Dewey Decimal Classification |
| Koha item type | Book |
| Withdrawn status | Lost status | Source of classification or shelving scheme | Damaged status | Not for loan | Collection code | Home library | Branch Name | Shelving location | Date acquired | Total Checkouts | Full call number | Barcode | Date last seen | Price effective from | Koha item type |
|---|---|---|---|---|---|---|---|---|---|---|---|---|---|---|---|
| Dewey Decimal Classification | Not For Loan | Reference | SAU Library | SAU Library | Reference | 02/02/1983 | ৬৩৩.১৮০২০২ ধানপ্রা | 8585 | 14/05/2015 | 14/05/2015 | Book |
